00733nam a22001577a 4500008004100000020001500041050001600056100002400072245007900096260004500175300002200220500005000242505020600292650004400498650003300542121122t xxu||||| |||| 00| 0 eng d a9964301855 aKRX1220.O24 aFosu-Obeng, Patrick aIndustrial relations in Ghana: the law and practice. /cPatrick Fosu-Obeng aGhana:bGhana Universities Press,c1991. axv,152 p.:c24cm. aIncludes bibliographical references and index aContents: Historical development -- Theoretical framework -- Industrial relations law -- Industrial relations practice -- Other industrial relations systems -- Proposal for future action -- Appendices. a bLabor laws and legislation xGhana bIndustrial relationsxGhana.